Cuentos para leer sin rimmel /
Guardado en:
| Autor Principal: | |
|---|---|
| Formato: | Libro |
| Publicado: |
Buenos Aires :
Orion,
1979
|
| Edición: | 42a. ed. |
| Materias: | |
| Etiquetas: |
Agregar Etiqueta
Sin Etiquetas, Sea el primero en etiquetar este registro!
|
| LEADER | 00564nam a22002055a 4500 | ||
|---|---|---|---|
| 001 | CEM.cems009136 | ||
| 005 | 20090907094936.0 | ||
| 008 | 130507s1979##################000#0#####d | ||
| 003 | CEMS | ||
| 082 | 0 | 4 | |a A868.4 |
| 100 | 1 | |a Bird, Poldy | |
| 245 | 1 | 0 | |a Cuentos para leer sin rimmel / |c Poldy Bird |
| 250 | |a 42a. ed. | ||
| 260 | |a Buenos Aires : |b Orion, |c 1979 | ||
| 300 | |a 165 p. | ||
| 653 | |a Literatura | ||
| 653 | |a Literatura argentian | ||
| 653 | |a Cuentos | ||
| 653 | |a Cuento argentino-siglo 20 | ||
| 859 | |a CEMS |b BIB. CEMS - 11 de abril |h A868.4 |i B532a42 |p 18789.96 |t Ej.1 | ||
